German dictionary
Gorde:
| Egile nagusia: | |
|---|---|
| Formatua: | Liburua |
| Hizkuntza: | Undetermined |
| Argitaratua: |
Oxford
Oxford Univ. Press
1998
|
| Gaiak: | |
| Etiketak: |
Etiketa erantsi
Etiketarik gabe, Izan zaitez lehena erregistro honi etiketa jartzen!
|
| Thư viện lưu trữ: | Trung tâm Học liệu Trường Đại học Cần Thơ |
|---|
| LEADER | 00528nam a2200193Ia 4500 | ||
|---|---|---|---|
| 001 | CTU_35439 | ||
| 008 | 210402s9999 xx 000 0 und d | ||
| 020 | |b 145.000đ; 148.000đ | ||
| 082 | |a 433 | ||
| 082 | |b O.98g | ||
| 100 | |a Gunhild Prowe | ||
| 245 | 0 | |a German dictionary | |
| 245 | 0 | |c Gunhild Prowe, Jill Schneider | |
| 260 | |a Oxford | ||
| 260 | |b Oxford Univ. Press | ||
| 260 | |c 1998 | ||
| 650 | |a german language - dictionaries | ||
| 904 | |i Minh, 000229 | ||
| 980 | |a Trung tâm Học liệu Trường Đại học Cần Thơ | ||